| 000 | 00832cab a2200241 4500 | ||
|---|---|---|---|
| 001 | ABS53666 | ||
| 008 | 090401t1995 xxu||||| |||| 00| 0 eng d | ||
| 035 | _a(Sirsi) u5745 | ||
| 041 | _aeng | ||
| 100 | _aShaw, K. | ||
| 245 | _aAssessing the performance of urban development corporations: how reliable are the official government output measures? | ||
| 260 | _c1995 | ||
| 350 | _a0 | ||
| 490 |
_aPlanning Practice & Research _v10(3/4) August 1995, 287-297(6) |
||
| 520 | _aAn evalution of the impact of Urban Development Corporations, taking into account the lack of published assessments by the DoE. Includes statistics. | ||
| 650 | _aPRIVATE INVESTMENT | ||
| 650 | _aUDCS | ||
| 650 | _aURBAN DEVELOPMENT CORPORATIONS | ||
| 650 | _aURBAN REGENERATION | ||
| 690 | _aURBAN RENEWAL | ||
| 942 | _n0 | ||
| 948 | _c04/03/1997 | ||
| 999 |
_c3427 _d3427 |
||